| 000 | 00360pab a2200145 454500 | ||
|---|---|---|---|
| 008 | 180718b1998 xxu||||| |||| 00| 0 eng d | ||
| 100 | _aFoster, John Bellamy | ||
| 245 | _aMalthus essay on population at age 2000: a Marxian view | ||
| 260 | _c1998 | ||
| 300 | _ap.1-18 | ||
| 362 | _aDec | ||
| 650 | _aPopulation | ||
| 773 | _aMonthly Review | ||
| 909 | _a40485 | ||
| 999 |
_c40485 _d40485 |
||